000 00368 a2200169 4500
001 68872
020 _a8528101959
040 _cAnchieta - Itaigara
100 _aMachado, Ana Maria
240 1 0 _aCom prazer e alegria
_lpor
245 1 0 _aCom prazer e alegria
300 _a24
362 0 _a1988
440 1 _aÁtica
650 4 _aLiteratura infantil
942 _cBK
999 _c68872
_d68872